000 00682nam a2200229 i 4500
001 172158
003 ES-MaACL
005 20230906214828.0
008 090616s1967 sp |||| | spa d
080 _a335.5(04)
245 0 3 _aEl socialismo contemporáneo /
_cMitterrand ... [et al.] ; [traducción de Florentino Pérez].
250 _a1ª ed.
260 _aMadrid :
_bCid,
_c1967.
300 _a438 p. ;
_c20 cm.
490 1 _aVórtice ;
_v41
650 1 4 _aSocialismo-
_yS.XX.
_917164
700 1 _aMitterrand, François.
_981718
700 1 _aPérez, Florentino.
_990573
830 0 _aVórtice ;
_v41
_9186454
852 _aES-MaACL
_jC-33301
999 _c172158
_d172158